000 00550cam a22002053a 4500
001 38621
003 PGUSA
005 20140828083842.0
008 120120s2012||||xxu|||||s|||||000 | eng d
040 _aPGUSA
_beng
042 _adc
100 1 _aMahan, Asa
245 1 0 _aDoctrine of the Will
_h[electronic resource] /
_cAsa Mahan
260 _bProject Gutenberg,
_c2012
506 _aPublic domain in the USA.
516 _aElectronic text
830 0 _aProject Gutenberg
_v38621
856 4 0 _uhttp://www.gutenberg.org/ebooks/38621
942 _cEB
999 _c267875
_d267875